Southville International School and Colleges
Your cart is empty.
  • Cart
  • Lists
    Public lists Eva Luna New books Lux_list list_1
    Your lists Log in to create your own lists
  • Log in to your account
  • Your cookies
  • Search history
Southville International School and Colleges
  • Advanced search
  • Recent comments
  • Most popular
  • Libraries

Log in to your account

Log in with GOOGLE


If you do not have an external account, but do have a local account, you can still log in:

  1. Home
  2. MARC view: Seventeen against the dealer
Normal view MARC view ISBD view

Seventeen against the dealer (Record no. 11068)

[ view plain ]
MARC details
000 -LEADER
fixed length control field 00723cam a2200277 a 4500
001 - CONTROL NUMBER
control field 549134
003 - CONTROL NUMBER IDENTIFIER
control field PILC
005 - DATE AND TIME OF LATEST TRANSACTION
control field 20160113150604.0
008 - FIXED-LENGTH DATA ELEMENTS--GENERAL INFORMATION
fixed length control field 880809s1989 nyu j 000 1 eng
010 ## - LIBRARY OF CONGRESS CONTROL NUMBER
LC control number 88027488
020 ## - INTERNATIONAL STANDARD BOOK NUMBER
International Standard Book Number 0689314973
040 ## - CATALOGING SOURCE
Original cataloging agency DLC
Transcribing agency DLC
Modifying agency DLC
042 ## - AUTHENTICATION CODE
Authentication code lcac
050 00 - LIBRARY OF CONGRESS CALL NUMBER
Classification number PZ 7
Item number .V874Se 1989
082 00 - DEWEY DECIMAL CLASSIFICATION NUMBER
Classification number FIC
Item number V87s 1989
100 1# - MAIN ENTRY--PERSONAL NAME
Personal name Voigt, Cynthia.
9 (RLIN) 18741
245 10 - TITLE STATEMENT
Title Seventeen against the dealer
Statement of responsibility, etc Cynthia Voigt.
250 ## - EDITION STATEMENT
Edition statement 1st ed.
260 ## - PUBLICATION, DISTRIBUTION, ETC. (IMPRINT)
Place of publication, distribution, etc New York :
Name of publisher, distributor, etc Atheneum,
Date of publication, distribution, etc 1989.
300 ## - PHYSICAL DESCRIPTION
Extent 181 p. :
Dimensions 25 cm.
650 #1 - SUBJECT ADDED ENTRY--TOPICAL TERM
Topical term or geographic name as entry element Family problems
General subdivision Fiction.
9 (RLIN) 18789
906 ## - LOCAL DATA ELEMENT F, LDF (RLIN)
a 7
b cbc
c orignew
d 1
e ocip
f 19
g y-gencatlg
942 ## - ADDED ENTRY ELEMENTS (KOHA)
Source of classification or shelving scheme Library of Congress Classification
Koha item type Books
Holdings
Withdrawn status Lost status Source of classification or shelving scheme Damaged status Home library Current library Shelving location Date acquired Total Checkouts Full call number Barcode Date last seen Copy number Price effective from Koha item type
    Library of Congress Classification   Luxembourg Library Luxembourg Library Fiction Section 09/12/2013   PZ 7 .V874Se 1989 3831 09/12/2013 1 09/12/2013 Books
    Library of Congress Classification   Luxembourg Library Luxembourg Library Fiction Section 09/12/2013   PZ 7 .V874Se 1989 18256 02/17/2015 2 09/12/2013 Books

Seventeen against the dealer

APA

Voigt C., . (1989). Seventeen against the dealer. New York: Atheneum.

Chicago

Voigt Cynthia, . 1989. Seventeen against the dealer. New York: Atheneum.

Harvard

Voigt C., . (1989). Seventeen against the dealer. New York: Atheneum.

MLA

Voigt Cynthia, . Seventeen against the dealer. New York: Atheneum. 1989.

  • Place hold
  • Print
  • Cite
  • Add to your cart (remove)
  • Save record
    BIBTEX Dublin Core MARCXML MARC (non-Unicode/MARC-8) MARC (Unicode/UTF-8) MARC (Unicode/UTF-8, Standard) MODS (XML) RIS
  • More searches
    Search for this title in:
    Other Libraries (WorldCat) Other Databases (Google Scholar) Online Stores (Bookfinder.com) Open Library (openlibrary.org)

Exporting to Dublin Core...

SOUTHVILLE LIBRARY

Southville International School and Colleges Library

1281 Tropical Ave. Cor. Luxembourg St., BF Homes International, Las Pinas City

Tel. No. 8256374 / 252358 Loc. 117/146

Powered by Koha